Every Warthunder Nation - Statistics

General Stats
  • This quiz has been taken 95 times
    54 since last reset
  • The average score is 27 of 61
Answer Stats
Answer % Correct
Germany (Nazi)
100%
USA
100%
Germany
97%
China
89%
Great Britain
84%
USSR
84%
France
78%
Israel
78%
Italy
78%
Japan
78%
Russia
78%
Sweden
78%
Finland
76%
Australia
68%
Canada
68%
Norway
65%
Poland
62%
Thailand
62%
India
59%
Belguim
54%
Pakistan
54%
Spain
54%
Netherlands
51%
South Africa
51%
Austria
49%
Republic of China
49%
Vietnam
49%
Iran
46%
Argentina
43%
Denmark
43%
Hungary
43%
Switzerland
43%
Brazil
41%
North Korea
38%
Turkey
38%
Indonesia
35%
New Zealand
35%
Egypt
32%
Portugal
32%
Syria
32%
Lithuania
30%
Romania
30%
Bangladesh
24%
Belarus
22%
Colombia
22%
Greece
22%
Saudi Arabia
22%
East Germany
19%
Ireland
19%
Cuba
16%
German Empire
14%
Oman
14%
Philippines
14%
Czechoslovakia
11%
Jordan
11%
Kuwait
11%
West Germany
11%
Kazakstan
5%
Russian Empire
5%
South Vietnam
5%
Empire of Japan
0%
No matching quizzes found
Score Distribution
Percent of People with Each Score
Percentile by Number Answered
Your Score History
You have not taken this quiz since the last reset